000 00222 a2200097 4500
001 47230
100 _aErickson, I
245 _aThe Military Technical Revolution
260 _aLondon
_bPall Mall
_c
090 _c30278
_d30278
942 _aNUST-CAE
_cM
_c22534
999 _c282303
_d282303